Lebensmittel mit "A" - Statistiken

Allgemein
  • Dieses Quiz wurde 492 mal gespielt
  • Das Durchschnittsergebnis liegt bei 9 aus 31
Antwortstatistiken
Lebensmittel % Korrekt
Apfel
99%
Ananas
79%
Apfelsaft
64%
Aubergine
58%
Apfelkuchen
57%
Apfelmus
51%
Apfelsine
47%
Aprikose
46%
Austern
41%
Artischocke
36%
Avocado
34%
Ananassaft
30%
Anis
29%
Algen
25%
Apfelschorle
25%
Auflauf
25%
Apfelstrudel
23%
Agave
21%
Ahornsirup
19%
Apfelringe
18%
Amaretto
15%
Apfelessig
14%
Absinth
12%
Amerikaner
11%
Anchovy
10%
Aufschnitt
10%
Appenzeller
8%
Aufstrich
8%
Armer Ritter
5%
Aufbackbrötchen
5%
Acerola
2%
Keine übereinstimmenden Quizze gefunden
Verteilung der Resultate
Anzahl Personen mit jedem Resultat
Perzentil nach korrekt beantworteten Fragen
Ihre Resultats-Entwicklung
Sie haben dieses Quiz noch nicht gespielt